Inovácie vo vybranom podniku cestovného ruchu
Teoretické vymedzenie pojmu inovácie a cestovného ruchu. Druhy inovácií. Inovačné trendy vo vybranom podniku cestovného ruchu - hotel Café Razy v Poprade.
Enregistré dans:
| Auteur principal: | |
|---|---|
| Format: | Chapitre de livre |
| Langue: | slovaque |
| Sujets: | |
| Tags: |
Pas de tags, Soyez le premier à ajouter un tag!
|
MARC
| LEADER | 00000nla$a2200000$$$4500 | ||
|---|---|---|---|
| 001 | 0118819 | ||
| 005 | 20240502072327.7 | ||
| 041 | 0 | |a slo | |
| 044 | |a SK | ||
| 245 | 1 | 0 | |a Inovácie vo vybranom podniku cestovného ruchu |c Martina Jelšíková |
| 520 | |a Teoretické vymedzenie pojmu inovácie a cestovného ruchu. Druhy inovácií. Inovačné trendy vo vybranom podniku cestovného ruchu - hotel Café Razy v Poprade. | ||
| 610 | 2 | 0 | |a inovácia |
| 610 | 2 | 0 | |a ruch cestovný domáci |
| 610 | 2 | 0 | |a hotely |
| 610 | 2 | 0 | |a Slovensko |
| 100 | 1 | |a Jelšíková, Martina | |